Normal view
MARC view
- Tannehill,J.C
Entry Personal Name
001 - CONTROL NUMBER
- control field: 8998
003 - CONTROL NUMBER IDENTIFIER
- control field: NUST
005 - DATE AND TIME OF LATEST TRANSACTION
- control field: 20180118193831.0
008 - FIXED-LENGTH DATA ELEMENTS
- fixed length control field: 180118|| aca||aabn | a|a d
040 ## - CATALOGING SOURCE
- Original cataloging agency: NUST
- Transcribing agency: NUST
100 ## - HEADING--PERSONAL NAME
- Personal name: Tannehill,J.C
670 ## - SOURCE DATA FOUND
- Source citation: Work cat.: (NUST)268517: Tannehill,J.C, Computational Fluid Mechanics and Heat Transfer, 1997
